Detalles MARC
| 000 -CABECERA |
| campo de control de longitud fija |
01235nam a22002537a 4500 |
| 003 - IDENTIFICADOR DEL NÚMERO DE CONTROL |
| campo de control |
OSt |
| 005 - FECHA Y HORA DE LA ÚLTIMA TRANSACCIÓN |
| campo de control |
20240305094856.0 |
| 007 - CAMPO FIJO DE DESCRIPCIÓN FÍSICA--INFORMACIÓN GENERAL |
| campo de control de longitud fija |
ta |
| 008 - DATOS DE LONGITUD FIJA--INFORMACIÓN GENERAL |
| campo de control de longitud fija |
201103b 2019 dr 00| 0 eng d |
| 020 ## - NÚMERO INTERNACIONAL ESTÁNDAR DEL LIBRO |
| Número Internacional Estándar del Libro |
9789945617276 |
| 040 ## - FUENTE DE LA CATALOGACIÓN |
| Centro catalogador/agencia de origen |
DO-SdBNP |
| Lengua de catalogación |
spa |
| Centro/agencia transcriptor |
BNPHU |
| 082 #4 - NÚMERO DE LA CLASIFICACIÓN DECIMAL DEWEY |
| Número de clasificación |
RD863.44 |
| Número de documento/Ítem |
P328a |
| Número de edición |
22 |
| 100 1# - ENTRADA PRINCIPAL--NOMBRE DE PERSONA |
| Nombre de persona |
Martín Paulino, José, |
| Fechas asociadas al nombre |
1963- |
| 9 (RLIN) |
34433 |
| 245 10 - MENCIÓN DE TÍTULO |
| Título |
Antes de que la casa se derrumbe / |
| Mención de responsabilidad, etc. |
José Martín Paulino |
| 260 ## - PUBLICACIÓN, DISTRIBUCIÓN, ETC. |
| Lugar de publicación, distribución, etc. |
Santo Domingo : |
| Nombre del editor, distribuidor, etc. |
Santuario, |
| Fecha de publicación, distribución, etc. |
2019. |
| 300 ## - DESCRIPCIÓN FÍSICA |
| Extensión |
112 p. ; |
| Dimensiones |
23 cm. |
| 500 ## - NOTA GENERAL |
| Nota general |
Incluye datos biográficos del autor en la cubierta frontal. |
| 505 ## - NOTA DE CONTENIDO CON FORMATO |
| Título |
Bajo el árbol -- |
| -- |
El milagro -- |
| -- |
Un modelo de prosperidad -- |
| -- |
Rosas negras -- |
| -- |
El derrumbe -- |
| -- |
La herencia de Domingo Peralta -- |
| -- |
En la sombra -- |
| -- |
Vitamina -- |
| -- |
Un hombre generoso -- |
| -- |
Los coco del diablo -- |
| -- |
La sorpresa -- |
| -- |
La cirugía del alma -- |
| -- |
El sabio desinteresado -- |
| -- |
La otra ironía -- |
| -- |
Cuando esta terminada la casa -- |
| -- |
El despertar -- |
| -- |
Una mala jugada -- |
| -- |
Descendientes de Caín I -- |
| -- |
La gula -- |
| -- |
Los celebrantes -- |
| -- |
Descendientes de Caín II -- |
| 590 ## - NOTA LOCAL (RLIN) |
| Nota local |
Inventariado, 2020 /LP |
| 650 #4 - PUNTO DE ACCESO ADICIONAL DE MATERIA--TÉRMINO DE MATERIA |
| Término de materia o nombre geográfico como elemento de entrada |
Cuentos dominicanos |
| 650 #4 - PUNTO DE ACCESO ADICIONAL DE MATERIA--TÉRMINO DE MATERIA |
| Término de materia o nombre geográfico como elemento de entrada |
Literatura dominicana |
| 910 ## - DATOS DE OPCIÓN DEL USUARIO (OCLC) |
| Datos de opción del usuario |
Lopérez./Validado. Control de calidad MFF |
| 942 ## - ELEMENTOS DE PUNTO DE ACCESO ADICIONAL (KOHA) |
| Fuente del sistema de clasificación o colocación |
Dewey Decimal Classification |
| Tipo de ítem Koha |
Libro |